[Event "Novosibirsk"]
[Site "Novosibirsk"]
[Date "1995.??.??"]
[Round "3"]
[White "Dreev, Alexey"]
[Black "Goldin, Alexander"]
[Result "1-0"]
[WhiteElo "2670"]
[BlackElo "2585"]
[Annotator "Ftacnik,L"]
[PlyCount "65"]
[EventDate "1995.10.??"]
[EventType "tourn"]
[EventRounds "11"]
[EventCountry "RUS"]
[EventCategory "15"]
[SourceTitle "CBM 050"]
[Source "ChessBase"]
[SourceDate "1996.02.01"]
[SourceVersion "1"]
[SourceVersionDate "1996.02.01"]
[SourceQuality "1"]

1. d4 {Belov} Nf6 2. c4 e6 3. Nf3 Bb4+ 4. Nbd2 b6 5. e3 Bb7 6. Bd3 O-O 7. O-O
d5 8. a3 Be7 9. cxd5 (9. b4 {Belov} Nbd7 (9... c5 10. bxc5 bxc5 11. Rb1 Ba6 12.
Ne5 cxd4 13. exd4 Qc8 14. Bb2 Nbd7 $10 {Dreev,A-Karpov,A/Linares/1995/0,5/21/})
10. Bb2 c6 11. Bc3 (11. c5 $14) 11... c5 $1 12. bxc5 bxc5 13. Rb1 Rb8 14. Qc2
$14 {Yusupov,A-Ivanchuk,V/Linares/1991/0,5/63/}) 9... exd5 10. b4 c5 (10...
Nbd7 {Belov} 11. Bb2 Bd6 12. Ne5 Qe7 13. Ndf3 Ne4 14. Qc2 f6 15. Nc6 $14 {
Khalifman,A-Rozentalis,E/Rakvere/1993/0,5/43/}) (10... c6 11. Nb3 Nbd7 12. Bb2
Re8 13. Rc1 Bd6 14. Qe2 a6 15. Nh4 Ne4 16. Nf5 Bf8 17. f3 $14 {Li
Zunian-Hernandez,Rom/Luzern olm/1982/1:0/50}) 11. bxc5 bxc5 12. Rb1 Qc7 (12...
Qc8 13. dxc5 Ba6 14. Nb3 Nbd7 15. Bb2 Bc4 16. Nfd4 Bxc5 17. Nf5 Qa6 18. Nxc5
Nxc5 19. Bxc4 dxc4 20. Qd6 Nfe4 21. Qxa6 Nxa6 22. Bxg7 {Cramling,P-Sjoberg,M/
Stockholm op/1992/1-0 (36)}) 13. dxc5 Nbd7 14. Nb3 (14. Bb2 Nxc5 15. Qc2 Rac8 (
15... Ba6 16. Bxa6 Nxa6 17. Qxc7 Nxc7 18. Nd4 Ne6 19. Nf5 Bd8 20. Rfd1 h5 21.
Nb3 Rc8 22. Nbd4 Ne4 23. Rbc1 {1-0 Ruban,V-Shestoperov,A/Smolensk ;CBM 24 1991
(63)}) 16. Bf5 Ne6 17. Qxc7 Rxc7 18. Be5 Rd7 19. Nd4 Nxd4 20. Bxd4 Bc8 21. Bxd7
Bxd7 22. Rb7 Rd8 23. Rxa7 Ne8 24. Rc1 {1-0/Kasparov,G-Short,N/Brussels blitz/
1987/}) 14... Nxc5 15. Nxc5 Bxc5 16. Bb2 {The bishop's pair covers excellent
diagonals towards the black K, their colleagues on b7 and c5 are not blessed
with the same fate.} Ne4 (16... Be7 17. Be5 (17. Nd4 g6 18. Qe2 $14) 17... Qd7
18. Qb3 $16) 17. Nd4 Bxd4 $6 {Breaking the general rule, that in open
positions bishops should be cherrished and not given up. Unpleasant Nd4 could
have been partly tamed at a lesser prize.} (17... Bd6 18. Qh5 Nf6 19. Qh4 $16)
(17... g6 18. Qe2 Bd6 (18... Rfc8 {Belov} 19. Rbc1 Qe7 $14) 19. h3 $14) 18.
Bxd4 Bc6 (18... Rfc8 19. Qg4 g6 20. Qh4 $16) (18... Qd7 {Belov} 19. Bxg7 Kxg7
20. Bxe4 $18) (18... Qe7 {Belov} 19. Qg4 f6 20. f3 Ng5 21. h4 $16) 19. Qc2 Qd7
(19... Rac8 20. f3 Ng5 21. h4 Ne6 22. Bxh7+ Kh8 23. Bf5 $18) (19... h6 {Belov}
20. Rfc1 Rac8 21. Ba6 $18) 20. f3 Ng5 (20... Ba4 21. Qb2 Nd6 22. Bxg7 $18) (
20... Nd6 {Belov} 21. Bxh7+ Kh8 22. Bd3 $16) 21. Bf5 Ba4 (21... Qc7 {Belov} 22.
Rfc1 g6 23. Bd3 Rac8 24. Ba6 $18) (21... Qd6 {Belov} 22. Bc5 $18) (21... Ne6 {
Belov} 22. Bxh7+ Kh8 23. Bf5 $18) 22. Qd3 (22. Bxd7 Bxc2 23. Rb2 Bd3 24. Rd1
Bc4 25. Bc6 Rac8 (25... Rab8 26. Rxb8 Rxb8 27. Bxa7 $18) 26. Bb7 Rc7 27. Bxa7
$16) 22... Qd6 23. f4 Ne6 (23... Ne4 24. Bxg7 (24. Bxe4 {Belov} dxe4 25. Qxe4
$16) 24... Bc2 (24... Kxg7 25. Bxe4 $16) (24... Nc5 25. Qd4 Ne6 26. Qf6 $18)
25. Bxf8 (25. Qxc2 Kxg7 26. Bxe4 dxe4 27. Qxe4 $16) 25... Bxd3 26. Bxd6 Bxb1
27. Be5 Bd3 28. Rc1 $18) 24. Be5 Qe7 25. Bxh7+ Kh8 26. Qf5 {[%cal Yf5h3] White
bishops have done a good job and the position is clearly lost for the shaky B
and N duo.} Qh4 (26... Qxa3 27. Qh3 Rfc8 28. Rb7 $18) (26... f6 {Belov} 27. Qh5
fxe5 28. Bg6+ Kg8 29. Qh7#) 27. Rf3 $1 {[%cal Yf3h3]} Qxh7 28. Rh3 Qxh3 29.
Qxh3+ Kg8 30. f5 $1 (30. Qg3 f6) 30... Ng5 (30... f6 31. fxe6 fxe5 32. e7 Rfe8
33. Qe6+ $18) 31. Qg4 f6 (31... Bc2 32. Qxg5 f6 33. Bxf6 Rxf6 34. Rb7 Rf7 35.
Rxf7 Kxf7 36. Qg6+ Kg8 37. Qc6 $18) 32. Rb7 Rae8 (32... fxe5 33. Qxg5 Rf7 34.
Rxf7 Kxf7 35. Qg6+ $18 (35. Qg6+ {Belov} Kf8 36. Qd6+ $18)) 33. Rxg7+ $1 (33.
Rxg7+ {Belov} Kxg7 34. Qxg5+ Kh7 35. Qg6+ Kh8 36. Bxf6+ Rxf6 37. Qxf6+ $18) 1-0

[Event "Horgen"]
[Site "Horgen"]
[Date "1995.10.25"]
[Round "5"]
[White "Gulko, Boris F"]
[Black "Ehlvest, Jaan"]
[Result "0-1"]
[WhiteElo "2620"]
[BlackElo "2630"]
[Annotator "Ftacnik,L"]
[PlyCount "62"]
[EventDate "1995.10.??"]
[EventType "tourn"]
[EventRounds "11"]
[EventCountry "SUI"]
[EventCategory "17"]
[SourceTitle "CBM 050"]
[Source "ChessBase"]
[SourceDate "1996.02.01"]
[SourceVersion "1"]
[SourceVersionDate "1996.02.01"]
[SourceQuality "1"]

1. c4 e6 2. Nc3 b6 3. b3 (3. d4 Bb7 4. e4 Bb4) 3... Bb7 4. Bb2 Nf6 5. e3 Be7 6.
Nf3 O-O 7. d4 d5 8. Bd3 Nbd7 9. O-O Re8 10. Rc1 a6 11. Qe2 (11. Ne2 $5 c5 12.
Ng3 $13) 11... c5 12. cxd5 (12. Rfd1 dxc4 13. bxc4 cxd4 14. exd4 Qc7 $13) 12...
exd5 13. Rfd1 (13. Bf5 $5) 13... g6 (13... Bd6 14. Qf1 Qe7 15. Ne2 Ne4 16. Ng3
Nxg3 17. hxg3 Nf6 18. dxc5 bxc5 19. b4 c4 20. Bc2 Bxb4 21. Bxf6 Qxf6 22. Rb1
Qe7 23. Nd4 {Steinbacher,M-Conquest,S/BL 8889/1989/0-1 (41)}) 14. Ne5 (14. Qc2
Rc8 15. Qb1 $10) 14... cxd4 15. exd4 Nh5 $1 16. Nxd7 Qxd7 17. Qf3 (17. Na4 $2
Bg5 $19) 17... b5 {Black have succeeded in preventing all active ideas of his
enemy ,but his own pieces have decent prospects.} 18. a4 Bc6 19. axb5 axb5 20.
Ra1 Nf6 21. Qe2 (21. Ne2 Ne4 $17) 21... Rxa1 22. Rxa1 Bd6 23. Qf1 b4 24. Na4 $2
(24. Ne2) 24... Qc7 25. g3 (25. h3 Ne4 $17) 25... Ne4 26. Qc1 (26. Rc1 Nd2 27.
Qd1 Re1+ $1 28. Qxe1 Nf3+ $17) 26... h5 $1 {Who exactly is helping to defend
white's K?} 27. Qc2 h4 28. Rc1 hxg3 29. Qxc6 (29. hxg3 Bxg3 30. Qxc6 (30. Bxe4
Rxe4 31. Kg2 $8 (31. Qxc6 Bxf2+ $19) 31... Bxa4 (31... Qe7 $1 32. Qxc6 Bxf2 33.
Qxd5 Be1 $19 34. Rc8+ Kh7 35. Bc1 Re2+ 36. Kf1 Rf2+ 37. Kg1 Qh4) 32. Qxc7 Bxc7
33. Rxc7 Bxb3 34. Rb7 Re2 35. Bc1 Rc2 36. Bg5 Rc4 37. Bf6) 30... Bxf2+ 31. Kh1
Qd8 32. Qc7 Qg5 $1 $19 {(/\ Be3, Bg3)}) 29... gxh2+ 30. Kg2 Qxc6 31. Rxc6 Nxf2
$1 (31... Nxf2 $1 32. Rc1 Nxd3 $19) 0-1

[Event "EU-ch 12th"]
[Site "Aix les Bains"]
[Date "2011.03.31"]
[Round "9"]
[White "Moiseenko, Alexander"]
[Black "Savchenko, Boris"]
[Result "1-0"]
[WhiteElo "2673"]
[BlackElo "2616"]
[Annotator "Ftacnik,L"]
[PlyCount "63"]
[EventDate "2011.03.22"]
[EventType "swiss"]
[EventRounds "11"]
[EventCountry "FRA"]
[SourceTitle "CBM 142 Extra"]
[Source "ChessBase"]
[SourceDate "2011.06.27"]
[SourceVersion "1"]
[SourceVersionDate "2011.06.27"]
[SourceQuality "1"]

1. d4 Nf6 2. c4 e6 3. Nf3 {It is unusual, that the position after Black's 10th
move appears in practice with a spare tempo. The culprit lies in the fact,
that the knight b1 can be exchanged on the square c3 and for that the white
queen needs to invest one more move - Qc2.} (3. Nc3 Bb4 4. Qc2 d5 5. a3 Bxc3+
6. Qxc3 Ne4 7. Qc2 O-O 8. Nf3 b6 9. e3 Bb7 10. Be2 Nd7 11. O-O (11. b4 dxc4 12.
Bxc4 c5 13. O-O cxb4 14. axb4 Ng5 15. Nxg5 Qxg5 16. e4 Qg6 17. Re1 Rfc8 18. Qe2
Bxe4 19. f3 Bb7 $11 {1-0 Hage,P-Kiprov,A/Munich 1936 (26)}) 11... c5 (11... Rc8
12. b3 f5 13. Bb2 Rf6 14. c5 c6 15. Nd2 Nxd2 16. Qxd2 Rh6 17. g3 bxc5 18. dxc5
Nxc5 19. Qd4 Qe7 $17 {0-1 Tikovsky,A (2140)-Farsakh,C (2070)/Bayern 1996 (47)})
12. dxc5 dxc4 13. Bxc4 Ng5 14. Nxg5 Qxg5 15. f4 Qxc5 16. b4 Qc6 17. Qe2 Rac8
18. Bd3 e5 19. Bb2 $16 {1-0 Adair,J (2167)-Mackenzie,C (2120)/England 2010 (48)
}) 3... Bb4+ 4. Nbd2 b6 5. a3 Bxd2+ 6. Qxd2 O-O 7. e3 Bb7 8. Be2 Ne4 9. Qc2 d5
{The plan black is choosing is a modest surprise, better results have been
achieved with the advance ...f7-f5. What is more, Black is playing a tempo
down compared to the 3.Nc3 line and that must be beneficial for White.} (9...
f5 10. O-O a5 (10... Rf6 11. b4 d6 12. Bb2 Rg6 13. d5 exd5 14. Nd4 Qg5 15. g3
c5 16. bxc5 dxc5 17. Nf3 Qe7 18. cxd5 Nd7 19. Rad1 $11 {0-1 Pashikian,A (2652)
-Zelcic,R (2547)/Rijeka 2010 (46)}) 11. b3 d6 12. d5 e5 13. Nd2 Nxd2 14. Bxd2
c6 15. f4 Nd7 16. fxe5 Nxe5 17. dxc6 Bxc6 18. Rxf5 Qh4 19. Raf1 Be4 20. Rxf8+
Rxf8 21. Rxf8+ Kxf8 22. Qd1 $16 {1-0 Fressinet,L (2664)-Jussupow,A (2576)/
France 2009 (43)}) 10. O-O Nd7 11. b4 (11. b3 c5 12. Bb2 $14) 11... c5 12. Bb2
dxc4 13. Bxc4 (13. dxc5 bxc5 14. Bxc4 cxb4 15. axb4 Qe7 $11) 13... Ng5 $6 {
[%mdl 32] Savchenko is complicating his own task with a nervous strategical
decision. The exchanges in the centre would set the white bishop pair free,
but the position would remain practically equal.} (13... cxd4 $1 14. Bxd4 Rc8
15. Qe2 Qc7 16. Bd3 Bd5 $11) 14. Nxg5 Qxg5 15. f4 Qg4 $2 {The active queen
move has no positional excuse and is a serious mistake. Only the modest
retreat to e7 could have mollified the consequences of the knight move.} (15...
Qe7 16. Bb5 Rac8 (16... cxb4 $2 17. Qc7 $18) 17. Bxd7 Qxd7 18. dxc5 bxc5 19.
bxc5 Qd5 20. Bd4 f6 21. Rad1 Qe4 $14) 16. dxc5 bxc5 17. Bb5 $1 cxb4 $2 {
A surprising solution in a difficult position. Black prefers to dream about
tactical counterchances rather than to defend the grim position a pawn down.} (
17... Rad8 18. Rad1 Nf6 19. Rxd8 Rxd8 20. Bxf6 gxf6 21. bxc5 $16) 18. Bxd7 b3
19. Qf2 (19. Qd2 $2 Rad8 20. Rf2 Bc8 $15) 19... Rfd8 20. Rad1 (20. Ba4 Bd5 21.
Rac1 $18) 20... Ba6 {Realistically speaking Black has no chance of creating
sufficient threats. Moiseenko enjoys the privilege of having several pleasant
choices of refutation.} (20... Bc8 21. h3 Qh5 22. Qg3 Qg6 (22... g6 23. f5 $18)
23. Qxg6 hxg6 24. Bc6 $18) 21. Rfe1 Bb5 (21... Bc8 22. h3 Qh5 23. Qg3 $18) 22.
h3 {A very elegant impression was made by the centralisation of the rook via
d5, but the first player only has eyes for the kingside attack.} (22. Rd5 $5
Rxd7 (22... Bxd7 23. Rg5 $18) 23. Rxb5 $18) 22... Qh5 23. Qg3 (23. g4 Qxh3 24.
Bxb5 Qxg4+ 25. Qg2 $18) 23... g6 24. f5 $1 {The open diagonal a1-h8 will turn
into a main motif and the hero of the position. Black is without any hope.}
Qxf5 (24... Rxd7 25. Qe5 f6 26. Qxf6 Rf8 (26... Qxd1 27. fxe6 $18) 27. Qh8+ Kf7
28. Rxd7+ Bxd7 29. fxe6+ $18) 25. Bxb5 Qxb5 26. Qh4 {The catastrophe along the
dark squares can no longer be avoided.} Rxd1 (26... Qb6 27. Qf6 e5 28. Qxe5 $18
) 27. Rxd1 e5 28. Rd8+ Rxd8 29. Qxd8+ Kg7 30. Qe7 Qc4 31. Bxe5+ Kh6 32. Qf6 (
32. Bf6 b2 33. Qf8+ Kh5 34. g4+ $18) 1-0

[Event "WchT 3rd"]
[Site "Luzern"]
[Date "1993.??.??"]
[Round "4.2"]
[White "Lputian, Smbat G"]
[Black "Petursson, Margeir"]
[Result "0-1"]
[WhiteElo "2565"]
[BlackElo "2560"]
[Annotator "Ftacnik,L"]
[PlyCount "50"]
[EventDate "1993.10.24"]
[EventType "team-tourn"]
[EventRounds "9"]
[EventCountry "SUI"]
[SourceTitle "CBM 038"]
[Source "ChessBase"]
[SourceDate "1994.02.01"]
[SourceVersion "1"]
[SourceVersionDate "1994.02.01"]
[SourceQuality "1"]
[WhiteTeam "Armenia"]
[BlackTeam "Iceland"]
[WhiteTeamCountry "ARM"]
[BlackTeamCountry "ISL"]

1. d4 Nf6 2. c4 e6 3. Nf3 Bb4+ 4. Nbd2 b6 5. e3 Bb7 6. Bd3 O-O 7. O-O d5 8. a3
Bxd2 (8... Be7) 9. Bxd2 dxc4 10. Bxc4 Nbd7 11. Qe2 c5 12. Rfd1 Qe7 13. dxc5
Nxc5 14. Nd4 Nfe4 $1 15. f3 (15. Be1 Rac8 16. f3 Nd6 $36) 15... Nxd2 16. Rxd2
a6 17. b4 Nd7 18. Qf2 Ne5 19. Bf1 Rac8 20. e4 Rc3 $1 21. Ne2 $2 Rxf3 $1 22.
Qxb6 (22. gxf3 Qg5+ 23. Ng3 Qxd2 24. Qxd2 Nxf3+ 25. Kf2 Nxd2 $19) 22... Qg5 (
22... Nc4 $17) 23. Qxb7 Rh3 $3 (23... Qxd2 24. gxf3 $16) 24. Qa7 (24. Rdd1 Qe3+
25. Kh1 Rxh2+ 26. Kxh2 Ng4+ 27. Kh1 Qh6+ 28. Kg1 Qh2#) (24. Kh1 Rxh2+ 25. Kxh2
Qh4+ 26. Kg1 Ng4 27. Qc7 e5) (24. Kf2 Qh4+ 25. g3 (25. Ng3 Rxh2 $19) 25...
Rxh2+ (25... Qf6+ 26. Kg2 Ng4 $1 27. Kxh3 Ne3 {/\ Qh6}) 26. Bg2 Ng4+ 27. Kf3
Qf6+ 28. Nf4 (28. Kxg4 h5#) 28... Qc3+ 29. Kxg4 f5+ 30. exf5 exf5+ 31. Kg5 Qf6#
) 24... Nf3+ 25. Kf2 Nxd2 (25... Nxd2 26. gxh3 Nxe4+ 27. Kf3 Nd2+ 28. Kf2 Qf6+)
0-1

[Event "Copenhagen Open-02 (Politiken Cup-01)"]
[Site "Copenhagen"]
[Date "1980.07.01"]
[Round "8"]
[White "Fuller, Maxwell L"]
[Black "Ravikumar, Vaidyanathan"]
[Result "1-0"]
[WhiteElo "2355"]
[BlackElo "2305"]
[Annotator "Fuller,M"]
[PlyCount "85"]
[EventDate "1980.06.23"]
[EventType "swiss"]
[EventRounds "10"]
[EventCountry "DEN"]
[SourceTitle "EXT 2000"]
[Source "ChessBase"]
[SourceDate "1999.11.16"]
[SourceVersion "1"]
[SourceVersionDate "1999.11.16"]
[SourceQuality "1"]

1. d4 Nf6 2. c4 e6 3. Nf3 Bb4+ 4. Nbd2 O-O 5. e3 b6 6. Bd3 Bb7 7. O-O d5 $146 (
7... c5 $5) 8. a3 Be7 9. b3 (9. b4 $5) 9... Nbd7 10. Bb2 Rc8 (10... c5 $5) 11.
Qe2 Ne4 (11... c5) 12. Rfd1 f5 13. Rac1 c6 14. Ne5 Nxe5 15. dxe5 Nc5 16. Bb1
Qe8 17. b4 Na6 $2 18. Bd3 $1 Nc7 19. c5 bxc5 20. bxc5 Rb8 21. Nf3 Bc8 22. Nd4
Bd7 (22... Nb5 $5) 23. a4 f4 24. exf4 Rxf4 25. g3 Rf7 26. Ba3 Rf8 27. Rb1 Qf7
28. Rxb8 Rxb8 29. Rb1 Rxb1+ 30. Bxb1 Qf8 31. Qc2 g6 32. Qd2 Kg7 33. Qc3 Qb8 34.
h4 Qb7 35. Qa5 Bd8 36. Bc1 $1 Qb8 37. Qd2 Ne8 38. Nf3 $1 Kg8 39. h5 Qb3 40.
hxg6 hxg6 41. Bxg6 $1 Qxf3 42. Qh6 Bf6 43. Qh7+ 1-0

[Event "Vienna Millenium"]
[Site "Vienna"]
[Date "1996.08.14"]
[Round "6"]
[White "Gelfand, Boris"]
[Black "Kortschnoj, Viktor Lvovich"]
[Result "1-0"]
[WhiteElo "2665"]
[BlackElo "2635"]
[Annotator "Gelfand,B"]
[PlyCount "79"]
[EventDate "1996.08.09"]
[EventType "tourn"]
[EventRounds "9"]
[EventCountry "AUT"]
[EventCategory "18"]
[SourceTitle "CBM 055"]
[Source "ChessBase"]
[SourceDate "1996.12.01"]
[SourceVersion "1"]
[SourceVersionDate "1996.12.01"]
[SourceQuality "1"]

1. d4 Nf6 2. c4 e6 3. Nf3 Bb4+ 4. Nbd2 b6 5. a3 Bxd2+ 6. Qxd2 {After I lost a
game to Illescas earlier this year some people thought that this line is not
playable for White anymore. However I keep on playing it} Bb7 7. e3 O-O 8. Be2
a5 9. b3 d5 $5 {N. A new approach to this position. Normally Black plays d6,
Nbd7 etc...} 10. O-O Nbd7 11. Bb2 c5 {now Black's idea is clear, due to a
weakness on b3 White cannot clear the centre} 12. Rfd1 (12. cxd5 Bxd5 13. b4
Ne4 14. Qe1 axb4 15. axb4 Rxa1 16. Bxa1 Qa8) 12... Qe7 13. Ne5 {I decided to
exchange a pair of Knights} (13. a4 Rfd8 14. Ba3 Ne4 15. Qb2) 13... Rfd8 (13...
Ne4 14. Qe1 Nxe5 15. dxe5 Qg5 16. Bf1 Qh5 (16... Qg6 17. Bd3) 17. f3 Ng5 18.
Qg3 {is in White's favor} (18. h4 Nxf3+ 19. gxf3 dxc4 $44)) 14. Nxd7 Nxd7 (
14... Rxd7 15. Qe1 $14) 15. Rac1 {This allow Black to simplify the position.} (
15. a4 $5 Rac8 16. Rac1 (16. Ba3 $5)) 15... a4 $1 {This is the exact move
order. Bad is} (15... cxd4 16. exd4 a4 $2 17. c5 $1 bxc5 $140 18. dxc5 Nxc5 19.
Qd4) 16. bxa4 dxc4 (16... Rxa4 17. cxd5 Bxd5 18. Bb5) 17. Bxc4 Ne5 18. Be2 {
definitely not} (18. Bf1 $4 Nf3+ $1 $19) 18... Qg5 $6 {This leads to a better
ending for White.} (18... cxd4 19. Bxd4 (19. exd4 Ng6 $44 {With the idea Nh4})
19... Nc6 20. Qb2 Nxd4 21. Rxd4 Rxd4 22. Qxd4 (22. exd4 Qd6) 22... Qxa3 23. Rd1
(23. Ra1 Qb3 24. Bd1 Qd5 25. Qxd5 Bxd5 26. Rb1 Ra6) 23... Bc6 $10) 19. e4 $1
Qxd2 20. Rxd2 Bxe4 21. Rcd1 Nc6 (21... cxd4 22. Bxd4 $16) 22. dxc5 Rxd2 (22...
bxc5 23. Rxd8+ Rxd8 24. Rxd8+ Nxd8 25. a5 $16) 23. Rxd2 bxc5 24. Bb5 {This
ending is definitely in White's favor because of a-passed pawns the fact that
they are doubled didn't bother me to much} Na5 25. Rd7 h5 (25... h6 $142 $14)
26. h4 (26. h3 $5) 26... Bd5 27. Rc7 Nc4 (27... Nb3 28. f3 $14 {Black are very
passive here and White are improving by putting their king on e3 followed by
g4 etc...}) 28. Bc1 {I could transfer to different color bishop ending
exploiting the weakness on the king side} (28. Bxc4 Bxc4 29. Rxc5 Rxa4 (29...
Bd5 30. a5 $14) 30. Rg5 g6 31. Rc5 Kf8 32. Bf6 Ke8 33. Rc7 e5 34. Re7+ Kf8 35.
Rd7 Ra8 36. Bxe5 $16) 28... Nd6 (28... Nb6 29. Rxc5 Nxa4 30. Rc7 $16) 29. Rxc5
Nf5 30. Bd2 {I'm not sure if it's the right move as White have other nice
options like} (30. Bd3 Nxh4 31. f3 (31. a5 Bxg2) 31... Ng6 32. a5 Bb7 33. Rxh5)
(30. Bc4 $5) 30... Nxh4 31. a5 f6 $2 (31... Nf5 32. a6 (32. Bf1 Nd6 33. f3 Nb7)
(32. Rc7 Nd4) 32... Nd4 (32... Nd6 33. Bd3 Ne4 34. Bxe4 Bxe4 35. Ra5 $16) 33.
Bf1 Nb3 34. Rc2 Nxd2 35. Rxd2 f6 36. Rc2 Ra7 $14) 32. Bf1 $18 Nf5 33. a6 Ra7
34. Ba5 Nd6 35. Bb6 Ra8 36. Rc7 Rc8 37. Rxc8+ Nxc8 38. Bc5 Kf7 39. a7 Ne7 40.
Be2 1-0